VIII Fase del programa de seguimiento y monitoreo de efluentes industriales y corrientes superficiales de Bogotá D.C (Registro nro. 8028)

Detalles MARC
000 -CABECERA
Campo de control 00850nmm a22002177a 4500
005 - FECHA Y HORA DE LA ULTIMA TRANSACCION
Campo de control 20140321092148.0
008 - ELEMENTOS DE LONGITUD FIJA—INFORMACION GENERAL
Campo de control 131206b2011 ck ||||| |||| 00| 0 spa d
041 ## - IDIOMA
Código de idioma para texto/pista de sonido o título separado Español
044 ## - PAÍS DE PUBLICACIÓN
País de publicación Colombia
082 ## - NUMERO DE CLASIFICACION DECIMAL DEWEY
Número de clasificación 628.3
Número del ítem B67f
090 ## - CLASIFICACIÓN LOCAL
Colección LB
Consecutivo 05847
110 1# - ASIENTO PRINCIPAL--NOMBRE CORPORATIVO
Nombre corporativo o de jurisdicción como elemento de entrada Alcaldía Mayor de Bogotá
245 10 - MENCION DE TITULO
Título VIII Fase del programa de seguimiento y monitoreo de efluentes industriales y corrientes superficiales de Bogotá D.C
260 ## - PUBLICACION, DISTRIBUCION, ETC. (PIE DE IMPRENTA)
Lugar de publicación, distribución, etc. Bogotá
Nombre del editor, distribuidor, etc. Alcaldía Mayor de Bogotá
-- Acueducto
Fecha de publicación, distribución, etc. 2011
300 ## - DESCRIPCION FISICA
Extensión 156 p.,
Otros detalles físicos il., gráficas
Dimensiones 13 cm
Material acompañante CD-ROM
504 ## - NOTA DE BIBLIOGRAFIA, ETC.
Nota de bibliografía Incluye bibliografía
650 6# - ASIENTO SECUNDARIO DE MATERIA - TERMINO TEMATICO
Término temático o nombre geográfico como elemento de entrada Efluentes industriale
Subdivisión general Aspectos ambientale
Subdivisión geográfica Bogotá (Colombia)
650 6# - ASIENTO SECUNDARIO DE MATERIA - TERMINO TEMATICO
Término temático o nombre geográfico como elemento de entrada Purificación de aguas residuales
Subdivisión general Aspectos ambientales
Subdivisión geográfica Bogotá (Colombia)
650 6# - ASIENTO SECUNDARIO DE MATERIA - TERMINO TEMATICO
Término temático o nombre geográfico como elemento de entrada Gestión ambiental
Subdivisión geográfica Bogotá (Colombia)
942 ## - ELEMENTOS ADICIONALES (KOHA)
Sistema de clasificación Dewey Decimal Classification
Tipo de ítem Impreso
Existencias
Withdrawn status Lost status Sistema de Clasificación Damaged status No para préstamo Colección Ubicación Permanente Ubicación actual Fecha de adquisición Total Checkouts Número topográfico Inventario / Código de Barras Date last seen Ejemplar Price effective from Forma de adquisición Tipo de material Inventariado Fuente de Valor Valor
    Local     Audiovisual Bogotá Bogotá 06/12/2013   LB-05847 059361 06/12/2013 Ej. 1 06/12/2013   CD-ROM      
    Dewey Decimal Classification     General Bogotá Bogotá 14/02/2014   LB-628.3 B67f 028791 14/02/2014 Ej. 2 14/02/2014   Libro Inventariado 2017 Instituto 39000.00
    Dewey Decimal Classification     General Sala Fabio Quevedo Sala Fabio Quevedo 14/08/2014   LB-628.3 B67f 029631 14/08/2014 Ej. 3 14/08/2014   Libro Inventariado 2017 Instituto 39000.00